[Event "NAYCC U18 w"]
[Site "Kingston CAN"]
[Date "2025.08.21"]
[Round "6.7"]
[White "Kaur, Aradh"]
[Black "Garcia Ortega, Natalia Belen"]
[Result "1/2-1/2"]
[WhiteElo "1919"]
[BlackElo "1892"]
[WhiteFideId "-1"]
[WhiteFideId "-1"]
[PlyCount "89"]
[GameId "2219057690382600"]
[EventDate "2025.08.18"]
[EventType "swiss"]
[EventRounds "9"]
[EventCountry "CAN"]

1. e4 e5 2. Nf3 Nc6 3. d4 exd4 4. Nxd4 Qf6 5. c3 Bc5 6. Be3 Nge7 7. Bc4 Ne5 8. Be2 Qg6 9. O-O d6 10. Kh1 Ng4 11. Bf4 Bd7 12. Nd2 h5 13. h3 Qf6 14. Bg3 O-O-O 15. N2f3 h4 16. Nxh4 Ne5 17. f4 N5c6 18. e5 dxe5 19. fxe5 Qg5 20. Bf2 Rxh4 21. Nf3 Rxh3+ 22. gxh3 Qf5 23. Bxc5 Qxh3+ 24. Nh2 Nxe5 25. Bxe7 Bc6+ 26. Bf3 Rxd1 27. Raxd1 b6 28. Bxc6 Nxc6 29. Rxf7 g5 30. Rf8+ Kb7 31. Bxg5 Ne5 32. Bf6 Ng4 33. Rd2 Qh6 34. Rh8 Qxf6 35. Nxg4 Qxh8+ 36. Nh2 Qh6 37. Rf2 a5 38. a3 b5 39. Kg2 Qg6+ 40. Kf1 c5 41. Nf3 Qd3+ 42. Kg2 Qe4 43. Kf1 b4 44. cxb4 axb4 45. axb4 1/2-1/2

[Event "NAYCC U18 w"]
[Site "Kingston CAN"]
[Date "2025.09.21"]
[Round "6.8"]
[White "Gomez Camara, Sofia"]
[Black "Geillon-Barral, Roween"]
[Result "1-0"]
[WhiteElo "1840"]
[BlackElo "1416"]
[WhiteFideId "-1"]
[WhiteFideId "-1"]
[PlyCount "53"]
[GameId "2219059715608848"]
[EventDate "2025.08.18"]
[EventType "swiss"]
[EventRounds "9"]
[EventCountry "CAN"]

1. e4 e6 2. d4 d5 3. Nd2 Nc6 4. Ngf3 Nf6 5. e5 Nd7 6. c3 Be7 7. Bd3 a6 8. Nf1 Nb6 9. Ng3 Na7 10. O-O O-O 11. Qc2 h6 12. Be3 Nd7 13. Qd2 h5 14. Nxh5 g6 15. Ng3 Kh8 16. Bh6 Rg8 17. Ng5 Qe8 18. Qf4 Bxg5 19. Qxg5 Rg7 20. Bxg7+ Kxg7 21. Nh5+ Kg8 22. Rae1 Nc6 23. Re3 Qe7 24. Nf6+ Kg7 25. Rh3 Nxf6 26. Qh6+ Kg8 27. Qh8# 1-0

[Event "NAYCC U18 w"]
[Site "Kingston CAN"]
[Date "2025.08.22"]
[Round "7.1"]
[White "Su, Jasmine Zhixin"]
[Black "Xie, Irene"]
[Result "1/2-1/2"]
[WhiteElo "2254"]
[BlackElo "1977"]
[WhiteFideId "-1"]
[WhiteFideId "-1"]
[PlyCount "86"]
[GameId "2221636302463906"]
[EventDate "2025.08.18"]
[EventType "swiss"]
[EventRounds "9"]
[EventCountry "CAN"]

1. e4 e6 2. d4 d5 3. Nc3 Bb4 4. e5 c5 5. a3 Bxc3+ 6. bxc3 Nc6 7. Qg4 g6 8. h4 h6 9. a4 Qa5 10. Bd2 c4 11. Qf4 Bd7 12. Nf3 Rh7 13. g3 O-O-O 14. Bg2 Rf8 15. O-O f6 16. exf6 Rxf6 17. Qe3 Nge7 18. Ne5 Nxe5 19. Qxe5 Rf5 20. Qd6 Qc7 21. Qxc7+ Kxc7 22. Bh3 Rff7 23. Rfe1 Nf5 24. Bf4+ Kc8 25. Be5 g5 26. hxg5 hxg5 27. Bg4 Rh6 28. a5 Rfh7 29. Kf1 a6 30. Ke2 Be8 31. Kd2 Bf7 32. Re2 Ne7 33. Rae1 Kd7 34. Rb1 Kc8 35. Bd6 Nc6 36. Rbe1 Kd7 37. Bc5 Rf6 38. Bb6 Rh2 39. f3 Rfh6 40. Rxh2 Rxh2+ 41. Re2 Rxe2+ 42. Kxe2 Ke7 43. Kd2 Bg6 1/2-1/2

[Event "NAYCC U18 w"]
[Site "Kingston CAN"]
[Date "2025.08.22"]
[Round "7.2"]
[White "Yang, Aimee"]
[Black "Ruchinskaya, Valerie"]
[Result "0-1"]
[WhiteElo "2065"]
[BlackElo "1898"]
[WhiteFideId "-1"]
[WhiteFideId "-1"]
[PlyCount "130"]
[GameId "2221380106159062"]
[EventDate "2025.08.18"]
[EventType "swiss"]
[EventRounds "9"]
[EventCountry "CAN"]

1. d4 Nf6 2. c4 e6 3. Nc3 Bb4 4. e3 O-O 5. Bd2 c5 6. Nf3 cxd4 7. exd4 d5 8. c5 b6 9. a3 Bxc3 10. Bxc3 Ne4 11. Rc1 a5 12. Bb5 Na6 13. O-O bxc5 14. dxc5 Naxc5 15. Bd4 Bd7 16. Bxd7 Nxd7 17. Qa4 Nb6 18. Qc6 Nd7 19. Qa4 Re8 20. Rfd1 e5 21. Be3 Ndf6 22. Ng5 d4 23. Nxe4 Nxe4 24. Qc6 Qh4 25. g3 Qg4 26. Kg2 Nf6 27. f3 Qe6 28. Qxe6 Rxe6 29. Bf2 Nd7 30. b4 axb4 31. axb4 Rb6 32. Rc4 f6 33. Rdc1 Rab8 34. Be1 R6b7 35. Kf2 Nf8 36. Rc6 Rb6 37. Rc7 Ne6 38. Ra7 R8b7 39. Ra8+ Kf7 40. Ke2 Rd6 41. Ra3 Rbd7 42. Rd1 f5 43. Kd3 Ng5 44. Kc4 e4 45. fxe4 fxe4 46. b5 Rc7+ 47. Kb4 Nf3 48. Ra6 Ke6 49. b6 Rb7 50. Kc5 Nxe1 51. Rxe1 e3 52. h4 Ke5 53. h5 Rf6 54. Kb5 Ke4 55. Kc5 Rbxb6 56. Rxb6 Rxb6 57. Kxb6 d3 58. Kc5 d2 59. Ra1 e2 60. Kc4 d1=Q 61. Rxd1 exd1=Q 62. Kb4 Kd4 63. Ka5 Qb3 64. Ka6 Kc5 65. h6 Qb6# 0-1

[Event "NAYCC U18 w"]
[Site "Kingston CAN"]
[Date "2025.08.22"]
[Round "7.3"]
[White "Li, Sophie"]
[Black "Qian, Ashley"]
[Result "1-0"]
[WhiteElo "2021"]
[BlackElo "2135"]
[WhiteFideId "-1"]
[WhiteFideId "-1"]
[PlyCount "85"]
[GameId "2221591695594487"]
[EventDate "2025.08.18"]
[EventType "swiss"]
[EventRounds "9"]
[EventCountry "CAN"]

1. e4 c5 2. Nc3 Nc6 3. Bb5 g6 4. f4 Bg7 5. Nf3 Nd4 6. Bc4 d6 7. h3 e6 8. d3 Ne7 9. O-O O-O 10. a4 Nec6 11. Nxd4 Nxd4 12. Ne2 d5 13. Ba2 dxe4 14. dxe4 Qc7 15. c3 Nxe2+ 16. Qxe2 b6 17. Bd2 Bb7 18. f5 exf5 19. exf5 Rfe8 20. Qf2 c4 21. fxg6 hxg6 22. Rae1 Bd5 23. Bb1 Be5 24. Re3 Re7 25. Kh1 Rae8 26. Qh4 Bd6 27. Rxe7 Rxe7 28. Qg4 Re6 29. Bg5 Qc6 30. Bf6 Be5 31. Bh4 Qe8 32. Rd1 Bc7 33. Qd4 Be4 34. Qxc4 Bc6 35. Bd3 Re3 36. Qg4 Qe5 37. Kg1 Qh2+ 38. Kf2 Rf3+ 39. Ke2 Qe5+ 40. Kd2 Re3 41. Bxg6 Kf8 42. Bh7 Ke8 43. Qc8+ 1-0

[Event "NAYCC U18 w"]
[Site "Kingston CAN"]
[Date "2025.08.22"]
[Round "7.4"]
[White "Qiu, Laurie"]
[Black "Zhong, April Yunwei"]
[Result "1-0"]
[WhiteElo "1986"]
[BlackElo "1879"]
[WhiteFideId "-1"]
[WhiteFideId "-1"]
[PlyCount "163"]
[GameId "2221636302463913"]
[EventDate "2025.08.18"]
[EventType "swiss"]
[EventRounds "9"]
[EventCountry "CAN"]

1. d4 d5 2. c4 e6 3. Nf3 c6 4. e3 Nf6 5. Nc3 Nbd7 6. Be2 Bd6 7. O-O O-O 8. b3 Re8 9. Bb2 b6 10. Bd3 Bb7 11. Re1 c5 12. cxd5 exd5 13. Ne2 Rc8 14. Rc1 Ne4 15. dxc5 bxc5 16. Ng3 Bf8 17. Bb5 Nxg3 18. hxg3 Re6 19. Bd3 Bd6 20. Bf5 Rh6 21. e4 dxe4 22. Bxe4 Bxe4 23. Rxe4 Nf6 24. Rec4 Qe7 25. Qe2 Rh5 26. b4 Nd7 27. Re1 Qf8 28. b5 Rd5 29. a4 Qd8 30. Rh4 h6 31. Qe4 Nb6 32. a5 c4 33. axb6 Rxb5 34. Qd4 Bf8 35. bxa7 Qxd4 36. Bxd4 Bc5 37. Bxc5 Rbxc5 38. Ra1 Ra8 39. Rc1 Rxa7 40. Rhxc4 Rxc4 41. Rxc4 Ra1+ 42. Kh2 Ra2 43. Ne5 Rxf2 44. Rf4 Re2 45. Nxf7 Re6 46. Nd8 Rd6 47. Nb7 Rd5 48. Rc4 Kh7 49. Nc5 Rh5+ 50. Kg1 Rf5 51. Ne6 Rf6 52. Nf4 Rf7 53. Kh2 Rf5 54. Rc7 Re5 55. Kh3 Kg8 56. g4 Re3+ 57. g3 g5 58. Nd5 Re6 59. Ne7+ Kf8 60. Nf5 Kg8 61. Rd7 Re1 62. Nxh6+ Kf8 63. Nf7 Ke8 64. Ra7 Rh1+ 65. Kg2 Rh7 66. Nd6+ Kd8 67. Ra5 Rd7 68. Ne4 Rd4 69. Nxg5 Rxg4 70. Kf3 Rc4 71. g4 Ke7 72. Ne4 Ke6 73. Kf4 Rc1 74. Ra6+ Kf7 75. g5 Rf1+ 76. Ke5 Rb1 77. g6+ Kg7 78. Ng3 Rb5+ 79. Kf4 Rb4+ 80. Kg5 Rb2 81. Nf5+ Kg8 82. Ra8+ 1-0

[Event "NAYCC U18 w"]
[Site "Kingston CAN"]
[Date "2025.09.22"]
[Round "7.5"]
[White "Chovanec, Alice"]
[Black "Wang, Lilian"]
[Result "1/2-1/2"]
[WhiteElo "1813"]
[BlackElo "1865"]
[WhiteFideId "-1"]
[WhiteFideId "-1"]
[PlyCount "90"]
[GameId "2221598731699006"]
[EventDate "2025.08.18"]
[EventType "swiss"]
[EventRounds "9"]
[EventCountry "CAN"]

1. d4 d5 2. c4 e6 3. Nc3 c5 4. cxd5 exd5 5. Nf3 Nc6 6. dxc5 d4 7. Na4 Bxc5 8. Nxc5 Qa5+ 9. Bd2 Qxc5 10. b4 Qb6 11. Qa4 a6 12. e3 dxe3 13. fxe3 Bd7 14. b5 Nce7 15. Qa3 Bxb5 16. Nd4 Bxf1 17. Rxf1 Nf6 18. Ba5 Qa7 19. Nf5 Nxf5 20. Rxf5 Nd7 21. Rd1 b6 22. Rxd7 Qxd7 23. Re5+ Kd8 24. Bxb6+ Kc8 25. Qc5+ Kb7 26. Re7 Qxe7 27. Qxe7+ Kxb6 28. Qxf7 g6 29. Qe6+ Kc7 30. Kd2 Rad8+ 31. Kc3 Rhe8 32. Qc4+ Kb7 33. Qb4+ Kc7 34. Qc5+ Kb7 35. Qb4+ Kc7 36. Qf4+ Kb7 37. Qf3+ Kb6 38. e4 Rd7 39. Qe3+ Kb7 40. e5 Rc8+ 41. Kb3 Re8 42. Qf3+ Ka7 43. Qe3+ Kb7 44. Qf3+ Ka7 45. Qe3+ Kb7 1/2-1/2

[Event "NAYCC U18 w"]
[Site "Kingston CAN"]
[Date "2025.08.22"]
[Round "7.6"]
[White "Vikas, Hema"]
[Black "Kaur, Aradh"]
[Result "1/2-1/2"]
[WhiteElo "1878"]
[BlackElo "1919"]
[WhiteFideId "-1"]
[WhiteFideId "-1"]
[PlyCount "67"]
[GameId "2221601005777760"]
[EventDate "2025.08.18"]
[EventType "swiss"]
[EventRounds "9"]
[EventCountry "CAN"]

1. e4 e5 2. Nf3 Nc6 3. Bb5 a6 4. Ba4 Nf6 5. d4 exd4 6. O-O Be7 7. e5 Ne4 8. Nxd4 Nc5 9. Nf5 O-O 10. Qg4 g6 11. Bxc6 dxc6 12. Nxe7+ Qxe7 13. Qg3 Re8 14. Re1 Bf5 15. Nc3 Bxc2 16. Bg5 Qf8 17. b4 Ne6 18. a3 Nxg5 19. Qxg5 Qe7 20. Qh6 f6 21. Re2 Bf5 22. Rae1 fxe5 23. f4 e4 24. Nxe4 Bxe4 25. Rxe4 Qd7 26. Re5 Rxe5 27. fxe5 Re8 28. Qe3 Re6 29. h3 Qe7 30. Qa7 Rxe5 31. Rxe5 Qxe5 32. Qxb7 Qe3+ 33. Kh1 Qe1+ 34. Kh2 1/2-1/2

[Event "NAYCC U18 w"]
[Site "Kingston CAN"]
[Date "2025.08.22"]
[Round "7.7"]
[White "Garcia Ortega, Natalia Belen"]
[Black "Gomez Camara, Sofia"]
[Result "1/2-1/2"]
[WhiteElo "1892"]
[BlackElo "1840"]
[WhiteFideId "-1"]
[WhiteFideId "-1"]
[PlyCount "39"]
[GameId "2221602874962792"]
[EventDate "2025.08.18"]
[EventType "swiss"]
[EventRounds "9"]
[EventCountry "CAN"]

1. d4 d5 2. c4 dxc4 3. e3 e5 4. Bxc4 exd4 5. exd4 Bd6 6. Nf3 Nf6 7. O-O O-O 8. Ne5 Nbd7 9. Bf4 Nb6 10. Bb3 Nbd5 11. Bg3 Be6 12. Nc3 c6 13. Rc1 Rc8 14. Re1 Bc7 15. Bh4 Qd6 16. Bg3 Qd8 17. Ne4 Nxe4 18. Rxe4 Bf5 19. Rh4 f6 20. Ng4 1/2-1/2

[Event "NAYCC U18 w"]
[Site "Kingston CAN"]
[Date "2025.08.22"]
[Round "7.8"]
[White "Geillon-Barral, Roween"]
[Black "Fei, Irene Jiao"]
[Result "0-1"]
[WhiteElo "1416"]
[BlackElo "1859"]
[WhiteFideId "-1"]
[WhiteFideId "-1"]
[PlyCount "118"]
[GameId "2221630788798864"]
[EventDate "2025.08.18"]
[EventType "swiss"]
[EventRounds "9"]
[EventCountry "CAN"]

1. e4 c6 2. d4 d5 3. Nc3 dxe4 4. Nxe4 Nf6 5. Nxf6+ exf6 6. c3 Bd6 7. Bd3 O-O 8. h3 Re8+ 9. Ne2 Nd7 10. O-O Nf8 11. Bf4 Be6 12. Bxd6 Qxd6 13. Ng3 Ng6 14. Qc2 Rad8 15. a3 Qc7 16. Rad1 a6 17. Rd2 Re7 18. Nf5 Bxf5 19. Bxf5 Rde8 20. g3 Qd6 21. Rdd1 Nf8 22. Bg4 g6 23. Bf3 f5 24. Qd2 Qf6 25. Rde1 Ne6 26. Bg2 f4 27. Qd1 h5 28. h4 Ng7 29. Rxe7 Qxe7 30. Qf3 Qe2 31. Qxe2 Rxe2 32. Rb1 fxg3 33. fxg3 Nf5 34. d5 c5 35. Rd1 Rxg2+ 36. Kxg2 Ne3+ 37. Kf3 Nxd1 38. Ke4 Kf8 39. Ke5 Nxb2 40. Kd6 Ke8 41. Kc7 Nc4 42. a4 b5 43. d6 Nxd6 44. axb5 Nxb5+ 45. Kb6 Nxc3 46. Kxc5 Ne4+ 47. Kb6 Nxg3 48. Kxa6 f5 49. Kb6 f4 50. Kc6 f3 51. Kd6 f2 52. Ke6 f1=Q 53. Ke5 Qf5+ 54. Kd4 Qe4+ 55. Kc5 Kd7 56. Kb5 Qd4 57. Ka6 Qb4 58. Ka7 Kc7 59. Ka6 Qb6# 0-1

[Event "NAYCC U18 w"]
[Site "Kingston CAN"]
[Date "2025.08.22"]
[Round "8.1"]
[White "Vikas, Hema"]
[Black "Su, Jasmine Zhixin"]
[Result "0-1"]
[WhiteElo "1878"]
[BlackElo "2254"]
[WhiteFideId "-1"]
[WhiteFideId "-1"]
[PlyCount "104"]
[GameId "2221764911611627"]
[EventDate "2025.08.18"]
[EventType "swiss"]
[EventRounds "9"]
[EventCountry "CAN"]

1. e4 c5 2. Nf3 d6 3. Bb5+ Nd7 4. O-O a6 5. Bxd7+ Bxd7 6. Re1 Nf6 7. c3 Bc6 8. d3 g6 9. Nbd2 Bg7 10. Nf1 O-O 11. Ng3 e5 12. d4 Re8 13. d5 Bd7 14. h3 h6 15. Nh2 h5 16. Bg5 Qc7 17. Qd2 Nh7 18. Bh6 Qd8 19. Bxg7 Kxg7 20. f4 h4 21. Ngf1 Qf6 22. fxe5 Rxe5 23. Qf2 Qxf2+ 24. Kxf2 Rae8 25. Nd2 Ng5 26. Nc4 Nxe4+ 27. Kg1 Rh5 28. Nb6 Bf5 29. Re3 Nf6 30. Rxe8 Nxe8 31. Re1 Nf6 32. Re7 Be4 33. Ng4 Bxd5 34. Nxf6 Kxf6 35. Nxd5+ Rxd5 36. Rxb7 Rd2 37. a4 a5 38. b4 axb4 39. cxb4 c4 40. a5 Ra2 41. Rb6 Ke5 42. a6 d5 43. b5 d4 44. Rb8 d3 45. Re8+ Kd4 46. b6 Rxa6 47. b7 Rb6 48. b8=Q Rxb8 49. Rxb8 c3 50. Kf2 c2 51. Rd8+ Kc3 52. Rc8+ Kd2 0-1

[Event "NAYCC U18 w"]
[Site "Kingston CAN"]
[Date "2025.08.22"]
[Round "8.2"]
[White "Ruchinskaya, Valerie"]
[Black "Li, Sophie"]
[Result "1-0"]
[WhiteElo "1898"]
[BlackElo "2021"]
[WhiteFideId "-1"]
[WhiteFideId "-1"]
[PlyCount "143"]
[GameId "2221766809374451"]
[EventDate "2025.08.18"]
[EventType "swiss"]
[EventRounds "9"]
[EventCountry "CAN"]

1. d4 Nf6 2. c4 e6 3. Nf3 d5 4. g3 dxc4 5. Bg2 Be7 6. O-O O-O 7. Qa4 a6 8. Qxc4 b5 9. Qc2 Bb7 10. Bd2 Nbd7 11. Ba5 Rc8 12. Nbd2 Qe8 13. b4 Bd6 14. Nb3 Be4 15. Qb2 e5 16. e3 exd4 17. exd4 Nb8 18. Rfe1 Qc6 19. Nbd2 Bd5 20. Nh4 Bxg2 21. Nxg2 Rfe8 22. Ne3 Qd7 23. a3 Qh3 24. Qc2 Ng4 25. Ndf1 Nxe3 26. fxe3 h5 27. e4 Qg4 28. Rad1 f6 29. Re2 h4 30. Rde1 Kh8 31. Rg2 f5 32. h3 Qg5 33. e5 hxg3 34. Nxg3 g6 35. Qc3 Be7 36. d5 Kh7 37. Bxc7 Bd8 38. d6 Bxc7 39. dxc7 Nd7 40. e6 Qf6 41. Qxf6 Nxf6 42. Rc2 Nd5 43. Rc6 Rxc7 44. Rxa6 Nf4 45. h4 Rc2 46. Kh1 Rc3 47. Kh2 Rd8 48. Ra7+ Kh6 49. Rd7 Rc2+ 50. Kh1 Rxd7 51. exd7 Rd2 52. Re7 Nh5 53. Ne2 Nf6 54. Nc3 Nxd7 55. Nxb5 Nf6 56. Nc3 Rd3 57. Rc7 Rh3+ 58. Kg2 Rxh4 59. b5 Ng4 60. b6 Rh2+ 61. Kg1 Rb2 62. Nd5 Nh2 63. Nb4 Nf3+ 64. Kf1 Rd2 65. Rc3 Ne5 66. b7 Nd7 67. Rd3 Rxd3 68. Nxd3 Kg5 69. a4 Nb8 70. Nc5 Kf6 71. a5 Ke7 72. a6 1-0

[Event "NAYCC U18 w"]
[Site "Kingston CAN"]
[Date "2025.08.22"]
[Round "8.3"]
[White "Xie, Irene"]
[Black "Qiu, Laurie"]
[Result "1-0"]
[WhiteElo "1977"]
[BlackElo "1986"]
[WhiteFideId "-1"]
[WhiteFideId "-1"]
[PlyCount "109"]
[GameId "2228657651878500"]
[EventDate "2025.08.18"]
[EventType "swiss"]
[EventRounds "9"]
[EventCountry "CAN"]

1. e4 c6 2. d4 d5 3. Nd2 dxe4 4. Nxe4 Nf6 5. Nxf6+ exf6 6. c3 Bd6 7. Bd3 O-O 8. Qc2 Re8+ 9. Ne2 h5 10. Be3 Nd7 11. O-O-O Nf8 12. c4 Be6 13. Nc3 Rc8 14. Kb1 Bb4 15. Ne4 Be7 16. Nc3 Bb4 17. Ne4 Be7 18. Qe2 f5 19. Nc5 Bxc5 20. dxc5 g6 21. Qd2 Nd7 22. Bd4 Kh7 23. b4 b6 24. cxb6 axb6 25. Bb2 Qe7 26. Qc3 Qf8 27. Rhe1 f6 28. f4 Qf7 29. a3 Kg7 30. Bf1 Nf8 31. Rd6 Red8 32. Red1 Rxd6 33. Rxd6 Nd7 34. Qe3 Re8 35. Qd2 c5 36. b5 Rb8 37. Be2 Rb7 38. Bf3 Rc7 39. Bc6 Qe7 40. a4 Nb8 41. Bf3 Rd7 42. Rxd7 Qxd7 43. Qxd7+ Nxd7 44. Be2 Kf7 45. Bc3 Ke7 46. a5 bxa5 47. Bxa5 Kd6 48. Kc2 Bf7 49. Kc3 Bg8 50. Bf3 Be6 51. Bd8 Bf7 52. b6 g5 53. Bc7+ Ke7 54. b7 g4 55. Bc6 1-0

[Event "NAYCC U18 w"]
[Site "Kingston CAN"]
[Date "2025.08.22"]
[Round "8.4"]
[White "Zhong, April Yunwei"]
[Black "Yang, Aimee"]
[Result "1/2-1/2"]
[WhiteElo "1879"]
[BlackElo "2065"]
[WhiteFideId "-1"]
[WhiteFideId "-1"]
[PlyCount "201"]
[GameId "2222004814473281"]
[EventDate "2025.08.18"]
[EventType "swiss"]
[EventRounds "9"]
[EventCountry "CAN"]

1. e4 c5 2. Nf3 g6 3. c3 d5 4. e5 Bg4 5. Bb5+ Nc6 6. d4 Qb6 7. Bxc6+ bxc6 8. Nbd2 cxd4 9. cxd4 Qb5 10. Qe2 Qxe2+ 11. Kxe2 e6 12. h3 Bxf3+ 13. Nxf3 c5 14. Be3 cxd4 15. Nxd4 Kd7 16. Rac1 Bg7 17. f4 Ne7 18. Rc3 Rhc8 19. Rhc1 Rxc3 20. Rxc3 f6 21. exf6 Bxf6 22. Rb3 Bxd4 23. Bxd4 Kc6 24. Kd3 Rf8 25. Bxa7 Rxf4 26. Rb6+ Kd7 27. Rb7+ Ke8 28. Bc5 Nc6 29. Rxh7 Rc4 30. Bd6 e5 31. b3 e4+ 32. Kd2 Rd4+ 33. Ke2 Rd3 34. Bc5 Rc3 35. b4 Rc4 36. a3 Kd8 37. Bb6+ Kc8 38. Rc7+ Kb8 39. Rd7 Rc2+ 40. Kd1 Rxg2 41. Rxd5 Kb7 42. Bc5 Rg3 43. b5 Na5 44. Rd7+ Kc8 45. Re7 Nc4 46. b6 Rb3 47. Rxe4 Nxa3 48. Ra4 Nb5 49. Rh4 Kb7 50. Rh6 Ra3 51. Bf2 g5 52. Kd2 Rf3 53. Ke2 Rb3 54. Rh7+ Kc6 55. Kd2 Rb2+ 56. Ke1 Rb1+ 57. Ke2 Rb3 58. Kf1 Nd6 59. Rc7+ Kd5 60. Kg2 Ne4 61. Bg1 Rg3+ 62. Kh2 Rb3 63. Kg2 Rg3+ 64. Kf1 Nd6 65. Rh7 Rb3 66. Kg2 Ne4 67. Rd7+ Kc6 68. Rd4 Nd6 69. Rg4 Nf7 70. Rc4+ Kd5 71. Rc5+ Ke6 72. Rc6+ Kd5 73. Rc7 Ke6 74. Bd4 Nd6 75. Rc3 Rb4 76. Bc5 Rb5 77. Be3 Ne4 78. Rc7 Kd5 79. Kf3 Rb3 80. Rd7+ Nd6 81. Ke2 Ke6 82. Rg7 Nc4 83. Bxg5 Rxb6 84. Kf3 Kf5 85. Bc1 Rb3+ 86. Kg2 Rc3 87. Rg5+ Ke4 88. Rg4+ Kf5 89. Rg5+ Ke4 90. Rg4+ Kf5 91. Bg5 Ne5 92. Bd2 Nxg4 93. Bxc3 Nf6 94. Kf3 Nh5 95. Bd2 Nf6 96. Bc1 Nh5 97. Bh6 Nf6 98. Kg3 Nh5+ 99. Kh4 Nf4 100. Bxf4 Kxf4 101. Kh5 1/2-1/2

[Event "NAYCC U18 w"]
[Site "Kingston CAN"]
[Date "2025.08.22"]
[Round "8.5"]
[White "Fei, Irene Jiao"]
[Black "Wang, Lilian"]
[Result "1-0"]
[WhiteElo "1859"]
[BlackElo "1865"]
[WhiteFideId "-1"]
[WhiteFideId "-1"]
[PlyCount "115"]
[GameId "2222011821672524"]
[EventDate "2025.08.18"]
[EventType "swiss"]
[EventRounds "9"]
[EventCountry "CAN"]

1. d4 d5 2. c4 e6 3. Nf3 c5 4. cxd5 exd5 5. g3 Nc6 6. Bg2 c4 7. O-O Nf6 8. Nc3 Be7 9. b3 cxb3 10. Qxb3 O-O 11. Bg5 Na5 12. Qd1 Be6 13. Ne5 Rc8 14. Rc1 Nc4 15. Nxc4 Rxc4 16. Bxf6 Bxf6 17. e3 Qa5 18. Ne2 Rxc1 19. Nxc1 Rc8 20. Qe2 b5 21. Nd3 Qb6 22. Nf4 Qc6 23. Rb1 a6 24. h4 h6 25. h5 Bg5 26. Nd3 Be7 27. Rc1 Qb7 28. Rxc8+ Qxc8 29. Nf4 Qc4 30. Qb2 b4 31. Qb3 Qxb3 32. axb3 Bd6 33. Nxd5 Bxd5 34. Bxd5 Kf8 35. Kf1 Ke7 36. Ke2 f6 37. Kd3 Bc7 38. Bb7 a5 39. Kc4 Kd6 40. Kb5 Bd8 41. g4 Bc7 42. f3 Bd8 43. f4 Bc7 44. e4 Ke7 45. e5 fxe5 46. fxe5 Kd7 47. Be4 Ke6 48. Kc6 Bd8 49. Bf5+ Ke7 50. d5 Ke8 51. d6 a4 52. bxa4 b3 53. e6 b2 54. Bg6+ Kf8 55. Kd7 Bf6 56. e7+ Bxe7 57. dxe7+ Kg8 58. e8=R# 1-0

[Event "NAYCC U18 w"]
[Site "Kingston CAN"]
[Date "2025.08.22"]
[Round "8.6"]
[White "Nguyen, Nghi Ngoc Phuong"]
[Black "Chovanec, Alice"]
[Result "1-0"]
[WhiteElo "1767"]
[BlackElo "1813"]
[WhiteFideId "-1"]
[WhiteFideId "-1"]
[PlyCount "123"]
[GameId "2222315951351959"]
[EventDate "2025.08.18"]
[EventType "swiss"]
[EventRounds "9"]
[EventCountry "CAN"]

1. d4 d5 2. Nf3 Nf6 3. c4 c6 4. Nbd2 Bf5 5. Nh4 Be4 6. Qb3 Qc8 7. Nxe4 dxe4 8. g3 h6 9. Ng2 Nbd7 10. Ne3 e6 11. Bg2 c5 12. d5 exd5 13. cxd5 Nb6 14. Qc2 Bd6 15. Bxe4 O-O 16. O-O Nxe4 17. Qxe4 Re8 18. Qf3 Re5 19. Rd1 Qh3 20. Qg2 Qxg2+ 21. Kxg2 Rd8 22. f4 Re4 23. b3 Bf8 24. Kf3 Rde8 25. a4 g6 26. Ra2 Bg7 27. a5 Nc8 28. d6 Nxd6 29. Rxd6 Rd4 30. Rxd4 Bxd4 31. Nc4 Bg7 32. Bb2 Rd8 33. Bxg7 Kxg7 34. Rd2 Rxd2 35. Nxd2 f5 36. e4 Kf6 37. e5+ Ke6 38. Ke3 Kd5 39. Nc4 Ke6 40. Kd3 Kd5 41. Nd6 b6 42. axb6 axb6 43. Nc8 b5 44. Ne7+ Ke6 45. Nxg6 Kf7 46. Nh4 Ke6 47. Nf3 Kd5 48. h3 h5 49. Ng5 Kc6 50. Nf7 Kd5 51. Nd6 Kc6 52. Nxf5 Kd5 53. Ne3+ Kc6 54. Ke4 Kd7 55. Kd5 Ke7 56. g4 Kd7 57. g5 Kc7 58. g6 Kb7 59. e6 Kc8 60. e7 Kd7 61. g7 Kxe7 62. g8=Q 1-0

[Event "NAYCC U18 w"]
[Site "Kingston CAN"]
[Date "2025.08.22"]
[Round "8.7"]
[White "Qian, Ashley"]
[Black "Geillon-Barral, Roween"]
[Result "1-0"]
[WhiteElo "2135"]
[BlackElo "1416"]
[WhiteFideId "-1"]
[WhiteFideId "-1"]
[PlyCount "97"]
[GameId "2222322734131359"]
[EventDate "2025.08.18"]
[EventType "swiss"]
[EventRounds "9"]
[EventCountry "CAN"]

1. e4 e6 2. d4 d5 3. Nd2 c5 4. exd5 Qxd5 5. Ngf3 Nc6 6. Bc4 Qd8 7. dxc5 Bxc5 8. O-O Nf6 9. Qe2 O-O 10. Nb3 Be7 11. c3 Qc7 12. Nbd4 a6 13. Bb3 Bd7 14. Bg5 Rfe8 15. Rfe1 Nd5 16. Bxe7 Ncxe7 17. Ne5 Nc6 18. Ndf3 Rad8 19. Bc2 Nxe5 20. Nxe5 Nf6 21. Rad1 Bc6 22. h3 g6 23. Bd3 b5 24. c4 Rb8 25. Rc1 b4 26. c5 Bb5 27. b3 Bxd3 28. Qxd3 a5 29. Nc4 Nd5 30. Nd6 Rf8 31. Nc4 Qc6 32. Qf3 Rbc8 33. Red1 f6 34. Re1 Kg7 35. Nd6 Rc7 36. Rxe6 Qa8 37. Ne4 f5 38. Nd6 Nf6 39. Qe3 Qd8 40. Qe5 Kg8 41. Qe3 Nd5 42. Qd4 Nf6 43. Qc4 Kg7 44. Rd1 Qb8 45. Rde1 Kh6 46. Qh4+ Kg7 47. Re7+ Rxe7 48. Rxe7+ Kg8 49. Qh6 1-0

[Event "NAYCC U18 w"]
[Site "Kingston CAN"]
[Date "2025.08.22"]
[Round "8.8"]
[White "Kaur, Aradh"]
[Black "Gomez Camara, Sofia"]
[Result "1-0"]
[WhiteElo "1919"]
[BlackElo "1840"]
[WhiteFideId "-1"]
[WhiteFideId "-1"]
[PlyCount "89"]
[GameId "2222358098421927"]
[EventDate "2025.08.18"]
[EventType "swiss"]
[EventRounds "9"]
[EventCountry "CAN"]

1. e4 d5 2. exd5 Nf6 3. d4 Nxd5 4. Nf3 Bg4 5. h3 Bh5 6. g4 Bg6 7. Ne5 e6 8. Qe2 Nb4 9. Nxg6 hxg6 10. c3 N4c6 11. Bg2 Be7 12. Be3 f5 13. Nd2 Qd7 14. Nc4 O-O 15. O-O-O Bd6 16. f4 Re8 17. d5 exd5 18. Bxd5+ Kf8 19. Qf2 Qe7 20. Rhe1 Qd8 21. g5 Re7 22. Qh4 Ke8 23. Qh7 Kd7 24. Qxg6 Qf8 25. Nxd6 cxd6 26. Bxc6+ Nxc6 27. Qxd6+ Kc8 28. Bc5 Qe8 29. Rxe7 Qxe7 30. Qxe7 Nxe7 31. Bxe7 Kc7 32. Rd8 Rxd8 33. Bxd8+ Kxd8 34. h4 g6 35. Kd2 Ke7 36. Kd3 Ke6 37. Kd4 Kd6 38. a4 b6 39. b4 a6 40. c4 Ke6 41. c5 b5 42. axb5 axb5 43. c6 Kd6 44. h5 gxh5 45. g6 1-0

[Event "NAYCC U18 w"]
[Site "Kingston CAN"]
[Date "2025.08.23"]
[Round "9.1"]
[White "Qian, Ashley"]
[Black "Su, Jasmine Zhixin"]
[Result "0-1"]
[WhiteElo "2135"]
[BlackElo "2254"]
[WhiteFideId "-1"]
[WhiteFideId "-1"]
[PlyCount "96"]
[GameId "2222390777768114"]
[EventDate "2025.08.18"]
[EventType "swiss"]
[EventRounds "9"]
[EventCountry "CAN"]

1. e4 c5 2. Nf3 d6 3. d4 cxd4 4. Nxd4 Nf6 5. Nc3 a6 6. Be3 e5 7. Nf3 Be7 8. Bc4 Be6 9. Bxe6 fxe6 10. O-O O-O 11. Na4 Nfd7 12. c4 Nc6 13. Rc1 Rc8 14. Qb3 Na5 15. Qd3 Qc7 16. Rfd1 Nc6 17. c5 Nxc5 18. Bxc5 dxc5 19. Qb3 Rf6 20. Ng5 Nd4 21. Rxd4 exd4 22. Nb6 Qf4 23. Rf1 c4 24. Qh3 Rh6 25. Nxe6 Qf6 26. Nd5 Rxh3 27. Nxf6+ Bxf6 28. gxh3 d3 29. Nf4 Bxb2 30. Rd1 Rd8 31. Kf1 c3 32. Rxd3 Rxd3 33. Nxd3 c2 34. h4 c1=Q+ 35. Nxc1 Bxc1 36. Kg2 Kf7 37. Kg3 b5 38. Kf3 Ke6 39. Ke2 Ke5 40. f3 h5 41. Kf2 a5 42. Ke2 Bf4 43. h3 Kd4 44. Kf2 b4 45. Ke2 a4 46. Kd1 b3 47. axb3 axb3 48. e5 Kxe5 0-1

[Event "NAYCC U18 w"]
[Site "Kingston CAN"]
[Date "2025.08.23"]
[Round "9.2"]
[White "Nguyen, Nghi Ngoc Phuong"]
[Black "Ruchinskaya, Valerie"]
[Result "1/2-1/2"]
[WhiteElo "1767"]
[BlackElo "1898"]
[WhiteFideId "-1"]
[WhiteFideId "-1"]
[PlyCount "72"]
[GameId "2222441666206202"]
[EventDate "2025.08.18"]
[EventType "swiss"]
[EventRounds "9"]
[EventCountry "CAN"]

1. d4 d5 2. Nf3 Nf6 3. c4 c6 4. Nbd2 e6 5. g3 Be7 6. Bg2 O-O 7. O-O b6 8. Qc2 Bb7 9. e4 Qc8 10. Rd1 Rd8 11. b3 h6 12. Bb2 Nbd7 13. Rac1 dxe4 14. Nxe4 Nxe4 15. Qxe4 c5 16. d5 Bf6 17. Ba3 a5 18. Bh3 Qb8 19. Rc2 exd5 20. cxd5 Ne5 21. Bg2 Re8 22. Bc1 Nxf3+ 23. Qxf3 Qd6 24. Qg4 Rad8 25. Be3 Re7 26. a3 Rde8 27. Bf3 Bc8 28. Qc4 Bh3 29. Rcc1 Be5 30. Qb5 Bxg3 31. hxg3 Rxe3 32. Bg2 Bd7 33. Qc4 R3e5 34. b4 cxb4 35. axb4 axb4 36. Rb1 b5 1/2-1/2